El hombre géminis /

Αποθηκεύτηκε σε:
Λεπτομέρειες βιβλιογραφικής εγγραφής
Κύριος συγγραφέας: Steinberg, Richard (autor)
Μορφή: Βιβλίο
Γλώσσα:Ισπανικά
Έκδοση: Barcelona, España : Planeta, 1999, c1999
Σειρά:(Bestseller Mundial)
Θέματα:
Ετικέτες: Προσθήκη ετικέτας
Δεν υπάρχουν, Καταχωρήστε ετικέτα πρώτοι!

MARC

LEADER 00000nam^a2200000^a^4500
001 000380851
005 20250521000000.0
009 20260310120624.795
020 |a 84-08-02892-8 
037 |a Acervo ITESO - Biblioteca 
041 |a ESP 
082 |a 813.  |b STE 
100 |a Steinberg, Richard  |e (autor) 
245 1 3 |a El hombre géminis /  |c R. Steinberg ; tr. por Cristina Pagès. 
264 4 |a Barcelona, España :  |b Planeta,  |c 1999, c1999 
300 |a 316 p. 
336 |a texto  |b txt  |2 rdacontenido 
337 |a sin mediación  |b n  |2 rdamedio 
338 |a volumen  |b nc  |2 rdasoporte 
440 1 |a (Bestseller Mundial) 
500 |a Traducción de: The Gemini Man 
649 |a XX 
650 |a Novela Norteamericana 
650 |a Literatura Norteamericana -  |y Siglo XX 
910 |a Fondo General 
920 |a Impresos - Libros 
930 |a Colección General 
940 |a Literatura 
905 |a 101 
901 |a 0500275976  |b IT1  |c LIT  |i D77144  |u 20250521 
902 |a https://opac.biblio.iteso.mx/vufind/Record/000380851